| 000 | 00486nam a22001697a 4500 | ||
|---|---|---|---|
| 008 | 230510b |||||||| |||| 00| 0 eng d | ||
| 040 |
_aNational Science Library _cNational Science Library |
||
| 080 |
_a809.11+809.48(02) _bK4 |
||
| 100 | _aSarker, Amal | ||
| 245 | _aHandbook of languages and dialects of Inida | ||
| 260 |
_aCalcutta: _bAnil Sarkar, _c1964 |
||
| 300 | _axx, 109p. | ||
| 365 |
_b12.00 _cINR |
||
| 650 | _aLinguistics | ||
| 653 | _aLanguages | ||
| 942 |
_2udc _cREF |
||
| 999 |
_c28597 _d28597 |
||